ANDREWS DISESAES OF THE SKIN CLINICAL ATLAS (Record no. 25138)

MARC details
000 -LEADER
fixed length control field 00430nam a22001697a 4500
003 - CONTROL NUMBER IDENTIFIER
control field SGT
020 ## - INTERNATIONAL STANDARD BOOK NUMBER
International Standard Book Number 9780323790130
082 ## - DEWEY DECIMAL CLASSIFICATION NUMBER
Classification number 616.5
Item number A23M
100 ## - MAIN ENTRY--PERSONAL NAME
Personal name MICHELETTI, ROBERT G.
245 ## - TITLE STATEMENT
Title ANDREWS DISESAES OF THE SKIN CLINICAL ATLAS
250 ## - EDITION STATEMENT
Edition statement 2ND
260 ## - PUBLICATION, DISTRIBUTION, ETC. (IMPRINT)
Place of publication, distribution, etc MISSOURI
Name of publisher, distributor, etc ELSEVIER PUB
Year of Publication 2023
300 ## - PAGE DESCRIPTION
No. of Pages 607
650 ## - SUBJECT ADDED ENTRY--TOPICAL TERM
Topical term or geographic name as entry element DERMATOLOGY
653 ## - KEYWORDS--INDEX TERM
Keyword term ANDREWS DISESAES OF THE SKIN CLINICAL ATLAS
942 ## - ADDED ENTRY ELEMENTS (KOHA)
Source of classification or shelving scheme Dewey Decimal Classification
Koha item type Books
Holdings
Withdrawn status Lost status Source of classification or shelving scheme Damaged status Not for loan Collection code Home library Current library Shelving location Date acquired Vendor Name Cost, normal purchase price SGTU Bill Number Total Checkouts Full call number Accession No. (Barcode) Date last seen Bill Date Koha item type
    Dewey Decimal Classification   Not For Loan MEDICAL SGT Medical Library SGT Medical Library Reference Book 01/10/2023 ABC DELHI 19811.00 SGTU 17259   616.5 A23M FM13915 01/10/2023 18/08/2023 Books